000 00542nam a2200205Ia 4500
005 20250508165421.0
008 008 250505s9999 xx 000 0 eng d
020 _a978-93-325-3675-3
037 _aTextual
040 _aFEDL
_beng
_cFEDL
041 _aeng
_2eng
084 _a305.8, VAL
_qFEDL
100 _aValmiki Omprakash
245 0 _aJoothan : A dalit's life
260 _aKolkata, India
_bSamya
_c2010
300 _axlii,139p.
365 _aINR
_b300
942 _cTEXL
_h305.8, VAL
999 _c1395003
_d1395003